000 00335nam a2200133Ia 4500
008 231017s9999 xx 000 0 und d
082 _a629.13
082 _bPAC
245 0 _aDesign of concrete airport pavement
245 0 _cPortland cement association
260 _bPortland cement association
300 _c30cm
942 _cREP
999 _c606519
_d606519